| 000 | 00536nam a2200193Ia 4500 | ||
|---|---|---|---|
| 005 | 20230623110408.0 | ||
| 008 | 131103s9999 xx 000 0 und d | ||
| 040 | _aLoreto College | ||
| 041 | _aEnglish | ||
| 082 |
_a942 _bTRE |
||
| 100 | _aTrevelyan,George Macaulay | ||
| 245 | 2 |
_aA Short history of England _cGeorge Macaulay Trevelyan |
|
| 260 |
_aHarmondsworth _bPenguin Books _c1959 (1983 printing) |
||
| 300 |
_a603 p. _b ill.,maps |
||
| 504 | _aIncludes index | ||
| 650 | _aEngland - History | ||
| 850 | _aLCLIB | ||
| 942 | _cBK | ||
| 999 |
_c8881 _d59360 |
||